Principles of management in forests of Slovakia affected by immissions

Bibliographic Details
Main Author: Greguš, Ctibor, 1923-2015 (Author)
Format: Article
Language:English
ISSN:0323-1046
Subjects:

MARC

LEADER 00000nab a2200000 a 4500
001 vtls000472756
003 SK-MaSNL
005 20260318123328.0
008 230629c1992 xo 0 eng
015 |a SNBRB19rr/mm-uuuuu 
035 |a CL0472890 
035 |a urn:nbn:sk:snk-abbas 
035 |a (urnnbn)urn:nbn:sk:snk:ar-0058u7 
035 |a (uuid)058f2bf1-36b6-4498-9346-d80d141db1dc 
040 |a SNKBUCL  |b slo  |c SNKBUCL  |e AACR2 
041 0 |a eng 
044 |a xo  |c SK 
080 |a 630:630 425:628.5  |2 1981 
080 |a 630 425  |2 1981 
080 |a 628.5  |2 1981 
100 1 |a Greguš, Ctibor,  |d 1923-2015  |4 aut  |9 55527 
245 1 0 |a Principles of management in forests of Slovakia affected by immissions  |c Ctibor Greguš 
650 0 7 |a lesy  |2 snkbucl  |9 1437 
650 0 7 |a priemyselné imisie  |2 snkbucl  |9 1154758 
650 0 7 |a lesné hospodárstvo  |2 snkbucl  |9 1256 
650 0 7 |a monografie  |2 snkbucl  |9 256509 
651 7 |a Slovensko  |2 snkbucl  |9 14231 
655 7 |a recenzie  |2 snkbucl  |9 21907 
655 7 |a články z novín a časopisov  |2 snkbucl  |9 267496 
773 0 |t Lesnícky časopis  |g Roč. 38, č. 4 (1992), s. 431-432  |x 0323-1046 
787 0 8 |i Rec.:  |a Grék, J.  |t Zásady hospodárenia v lesoch Slovenska postihnutých imisiami 
850 |a Slovenská národná knižnica v Martine  |a MTA001 
852 |a SNK  |b KIS3GCP 
954 |a odborná, vedecká literatúra pôvodná (slovenská)  |2 lita 
958 |a RK 
958 |a OND 
958 |a EUIPO 
958 |a article27 
992 |a RBX 
999 |c 2684974  |d 2686904